[Event "Tingo Maria op 4th"]
[Site "Tingo Maria"]
[Date "2012.09.06"]
[Round "1"]
[White "Inga Valenzuela, Jhon Emerson"]
[Black "Menacho Ordonez, Daniel Tomas"]
[Result "1-0"]
[WhiteElo "1919"]
[BlackElo "1656"]
[PlyCount "57"]
[EventDate "2012.09.06"]
[EventType "swiss"]
[EventRounds "9"]
[EventCountry "PER"]
[SourceTitle "CBM 150 Extra"]
[Source "ChessBase"]
[SourceDate "2012.10.19"]
[SourceVersion "1"]
[SourceVersionDate "2012.10.19"]
[SourceQuality "1"]

1. e4 e5 2. Nf3 d6 3. d4 f6 4. dxe5 fxe5 5. Bc4 h6 6. Nc3 Nf6 7. Be3 c6 8. Nxe5 dxe5 9. Bf7+ Ke7 10. Bc5+ Kxf7 11. Qxd8 Nbd7 12. 0-0-0 Rg8 13. Bxf8 Rxf8 14. Qa5 Kg8 15. f4 b6 16. Qa3 Ng4 17. Rd6 c5 18. f5 Ne3 19. Nd5 Nc4 20. Ne7+ Kh7 21. Rxh6+ gxh6 22. Qg3 Nf6 23. Qg6+ Kh8 24. Qxh6+ Nh7 25. Ng6+ Kg8 26. Nxf8 Nxf8 27. f6 Kf7 28. Qg7+ Ke8 29. Qe7# 1-0